书目信息 |
| 题名: |
金刚拳
|
|
| 作者: | 李佩基 , 丁宝源 , 陈树昆 著 | |
| 分册: | ||
| 出版信息: | 北京 人民体育出版社 2008 |
|
| 页数: | 307页 | |
| 开本: | 21cm | |
| 丛书名: | ||
| 单 册: | ||
| 中图分类: | G852.19 | |
| 科图分类: | ||
| 主题词: | 拳术--中国 , 拳术 | |
| 电子资源: | ||
| ISBN: | 978-7-5009-3318-2 | |
| 000 | 00859nam0 2200265 45 | |
| 001 | 1130670577 | |
| 005 | 20110310095034.31 | |
| 010 | @a978-7-5009-3318-2@dCNY21.00 | |
| 100 | @a20110123d2008 em y0chiy50 ea | |
| 101 | 0 | @achi |
| 102 | @aCN@b110000 | |
| 105 | @aa z 000yy | |
| 106 | @ar | |
| 200 | 1 | @a金刚拳@AJin Gang Quan@f李佩基,丁宝源,陈树昆著@FLi Pei Ji, Ding Bao Yuan, Chen Shu Kun Zhu |
| 210 | @a北京@c人民体育出版社@d2008 | |
| 215 | @a307页@c图@d21cm | |
| 330 | @a本书介绍了总论、金刚拳套路歌诀与动作说明、金刚拳技击实用法演练、金刚拳散手技击演练示例、金刚拳实用腿法技击。 | |
| 606 | 0 | @a拳术@y中国 |
| 606 | 0 | @a拳术 |
| 690 | @aG852.19@v4 | |
| 701 | 0 | @a李佩基@ALi Pei Ji@4著 |
| 701 | 0 | @a丁宝源@ADing Bao Yuan@4著 |
| 701 | 0 | @a陈树昆@AChen Shu Kun@4著 |
| 801 | 0 | @aCN@bTANGWEI@c20110310 |
| 905 | @b0531064-66@dG852.19@e201@f3 | |
| 金刚拳/李佩基,丁宝源,陈树昆著.-北京:人民体育出版社,2008 |
| 307页:图;21cm |
| ISBN 978-7-5009-3318-2:CNY21.00 |
| 本书介绍了总论、金刚拳套路歌诀与动作说明、金刚拳技击实用法演练、金刚拳散手技击演练示例、金刚拳实用腿法技击。 |
| ● |
| 相关链接 |
|
|
|
|
正题名:金刚拳
索取号:G852.19/201
 
预约/预借
| 序号 | 登录号 | 条形码 | 馆藏地/架位号 | 状态 | 备注 |
| 1 | 0531064 | 205310643 | 第一样本阅览室/ [索取号:G852.19/201] | 在馆 | |
| 2 | 0531065 | 205310652 | 第四借阅区/ [索取号:G852.19/201] | 在馆 | |
| 3 | 0531066 | 205310661 | 密集书库-体育系/ [索取号:G852.19/201] | 在馆 |